AH International Schools' Libraries

Skunk and Badger / (Record no. 49576)

MARC details
000 -LEADER
fixed length control field 01849nam a2200169 4500
020 ## - INTERNATIONAL STANDARD BOOK NUMBER
International Standard Book Number 978-164375005
020 ## - INTERNATIONAL STANDARD BOOK NUMBER
International Standard Book Number 1643750054
100 ## - MAIN ENTRY--PERSONAL NAME
Personal name Timberlake, Amy,
Relator term author.
9 (RLIN) 86697
245 ## - TITLE STATEMENT
Title Skunk and Badger /
Remainder of title Amy Timberlake, Illustrated by Jon Klassen.
260 ## - PUBLICATION, DISTRIBUTION, ETC. (IMPRINT)
Name of publisher, distributor, etc Little, Brown and Company :
Date of publication, distribution, etc September 15, 2020.
300 ## - PHYSICAL DESCRIPTION
Extent 128 pages.
Dimensions 6.5 x 0.75 x 8.25 inches.
490 ## - SERIES STATEMENT
Series statement Skunk and Badger:
Volume number/sequential designation 1
500 ## - GENERAL NOTE
General note A Best Book of 2020: People * Kirkus Reviews * Booklist * School Library Journal * Publishers Weekly * Shelf Awareness for Readers * New York Public Library * Chicago Public Library * Evanston Public Library<br/><br/>This acclaimed and bestselling best book of the year is a delightful animal-odd-couple story by Newbery Honoree Amy Timberlake, with pictures from Caldecott medalist Jon Klassen.<br/><br/>No one wants a skunk. They are unwelcome on front stoops. They should not linger in Important Rock Rooms. Skunks should never, ever be allowed to move in. But Skunk is Badger’s new roommate, and there is nothing Badger can do about it.<br/> <br/>When Skunk plows into Badger’s life, everything Badger knows is upended. Tails are flipped. The wrong animal is sprayed. And why-oh-why are there so many chickens?<br/><br/>Newbery Honor author Amy Timberlake spins the first tale in a series about two opposites who need to be friends. New York Times bestselling author-illustrator and Caldecott Medalist Jon Klassen completes the book with his signature lushly textured art. This beautifully produced hardcover edition contains both full-color plates and numerous black-and-white illustrations. Skunk and Badger is a book you’ll want to read, reread, and read out loud . . . again and again.
650 ## - SUBJECT ADDED ENTRY--TOPICAL TERM
9 (RLIN) 83398
Topical term or geographic name as entry element Animals. Kindness. Friendship. Conduct of life.
Form subdivision Juvenile fiction
650 ## - SUBJECT ADDED ENTRY--TOPICAL TERM
9 (RLIN) 29243
Topical term or geographic name as entry element Humorous stories.
942 ## - ADDED ENTRY ELEMENTS (KOHA)
Source of classification or shelving scheme
Koha item type Book
Holdings
Withdrawn status Lost status Source of classification or shelving scheme Damaged status Not for loan Home library Current library Date acquired Total Checkouts Full call number Barcode Date last seen Date checked out Price effective from Koha item type
          Logos International School Logos International School 09/18/2025 4 J FIC TIM 042990 01/08/2026 12/11/2025 09/18/2025 Book

For any Logos Library related questions please contact Miss Art at swongnarasuk@asianhope.org.

For any Asian Hope Library related questions please contact Miss Raza at graza@asianhope.org.

Powered by Koha